PRINCIPLES & PRACTICE OF NURSING MANAGEMENT & ADMINISTRATION (Record no. 24937)

MARC details
000 -LEADER
fixed length control field 00463nam a22001697a 4500
003 - CONTROL NUMBER IDENTIFIER
control field SGT
020 ## - INTERNATIONAL STANDARD BOOK NUMBER
International Standard Book Number 9789390020010
082 ## - DEWEY DECIMAL CLASSIFICATION NUMBER
Classification number 610.73
Item number P23V
100 ## - MAIN ENTRY--PERSONAL NAME
Personal name VATI, JOGINDRA
245 ## - TITLE STATEMENT
Title PRINCIPLES & PRACTICE OF NURSING MANAGEMENT & ADMINISTRATION
250 ## - EDITION STATEMENT
Edition statement 2ND
260 ## - PUBLICATION, DISTRIBUTION, ETC. (IMPRINT)
Place of publication, distribution, etc INDIA
Name of publisher, distributor, etc JAYPEE PUB
Year of Publication 2023
300 ## - PAGE DESCRIPTION
No. of Pages 667
650 ## - SUBJECT ADDED ENTRY--TOPICAL TERM
Topical term or geographic name as entry element NURSING MANAGEMENT
653 ## - KEYWORDS--INDEX TERM
Keyword term PRINCIPLES & PRACTICE OF NURSING MANAGEMENT & ADMINISTRATION
942 ## - ADDED ENTRY ELEMENTS (KOHA)
Source of classification or shelving scheme Dewey Decimal Classification
Koha item type Books
942 ## - ADDED ENTRY ELEMENTS (KOHA)
-- 65
Holdings
Withdrawn status Lost status Source of classification or shelving scheme Damaged status Not for loan Collection code Home library Current library Shelving location Date acquired Vendor Name Cost, normal purchase price SGTU Bill Number Total Checkouts Full call number Accession No. (Barcode) Date last seen Date last borrowed Bill Date Koha item type Checked out
    Dewey Decimal Classification     NURSING SGT Medical Library SGT Medical Library Reference Book 02/09/2023 ABC DELHI 695.00 SGTU 16927 5 610.73 P23V FN5241 20/06/2025 16/06/2025 20/06/2023 Books  
    Dewey Decimal Classification   Not For Loan NURSING SGT Medical Library SGT Medical Library Text Book 02/09/2023 ABC DELHI 695.00 SGTU 16927 23 610.73 P23V FN5242 05/06/2026 19/05/2026 20/06/2023 Books  
    Dewey Decimal Classification     NURSING SGT Medical Library SGT Medical Library Text Book 02/09/2023 ABC DELHI 695.00 SGTU 16927 23 610.73 P23V FN5243 08/12/2025 05/12/2025 20/06/2023 Books  
    Dewey Decimal Classification     NURSING SGT Medical Library SGT Medical Library Text Book 02/09/2023 ABC DELHI 695.00 SGTU 16927 29 610.73 P23V FN5244 28/05/2026 28/05/2026 20/06/2023 Books 11/06/2026
    Dewey Decimal Classification     NURSING SGT Medical Library SGT Medical Library Text Book 02/09/2023 ABC DELHI 695.00 SGTU 16927 24 610.73 P23V FN5245 25/05/2026 25/05/2026 20/06/2023 Books 08/06/2026